[Event "Ch Great Britain"]
[Site "masterchessopen.com Swansea (Wales)"]
[Date "2006.08.10"]
[Round "4"]
[White "Pym Thomas W (ENG)"]
[Black "Roberts David Llewelyn (ENG)"]
[Result "0-1"]
[WhiteElo "2080"]
[BlackElo "2138"]

1.g3 Nf6 2.Bg2 g6 3.c4 Bg7 4.Nc3 d6 5.Nf3 O-O 6.O-O e5 7.d4 Nbd7 8.e4 c6 9.h3
Qb6 10.c5 dxc5 11.dxe5 Ne8 12.Bg5 Nxe5 13.Be7 c4 14.Nxe5 Bxe5 15.Bxf8 Kxf8
16.Qe2 Be6 17.Kh2 Ng7 18.f4 Bc7 19.g4 h5 20.e5 hxg4 21.hxg4 Ke7 22.Be4 Rh8+
23.Kg3 g5 24.Bg2 Qd4 25.Rae1 gxf4+ 26.Rxf4 Nh5+ 27.gxh5 Rg8+ 28.Kh2 Qxf4+
29.Kh1 Qh4+ 30.Kg1 Bb6+ {#R} 0-1

[Event "Ch World ICSC (for the Deaf) (team)"]
[Site "masterchessopen.com Nyiregyhaza (Hungary)"]
[Date "2006.09.10"]
[Round "3"]
[White "Reutov Andrey Al (UKR)"]
[Black "Salov Sergei (GER)"]
[Result "0-1"]
[WhiteElo "2291"]
[BlackElo "2297"]

1.d4 Nf6 2.c4 d6 3.Nf3 g6 4.g3 Bg7 5.Bg2 O-O 6.O-O Nbd7 7.Nc3 e5 8.e4 c6 9.h3
a5 10.Be3 a4 11.Qc2 Qa5 12.d5 cxd5 13.exd5 Nc5 14.Nh4 Ne8 15.Bxc5 dxc5 16.a3
Nd6 17.Rfd1 f5 18.Bf1 Bd7 19.Ng2 f4 20.g4 f3 21.Ne3 Rf4 22.Bd3 Qd8 23.Kh2 Qh4
24.Rg1 e4 25.Nxe4 Nxe4 26.Bxe4 Rxe4 27.Qxe4 Qxf2+ 28.Ng2 Rf8 29.Qd3 Be5+
30.Kh1 Qg3 {#R} 0-1

[Event "It (open)"]
[Site "masterchessopen.com Graz (Austria)"]
[Date "2006.09.16"]
[Round "1"]
[White "Shengelia Davit (AUT)"]
[Black "Seuss Oswald (AUT)"]
[Result "1-0"]
[WhiteElo "2504"]
[BlackElo "2176"]

1.d4 Nf6 2.c4 g6 3.Nf3 Bg7 4.g3 d6 5.Bg2 O-O 6.O-O Nbd7 7.Nc3 e5 8.h3 c6 9.e4
Qb6 10.d5 Nc5 11.Re1 Bd7 12.Rb1 a5 13.Bf1 Qc7 14.b3 Rfc8 15.a3 cxd5 16.exd5
Bf5 17.Rb2 h5 18.b4 axb4 19.axb4 Na6 20.Be3 b6 21.Qb3 Rcb8 22.Ra2 Bc8 23.Rea1
Nd7 24.Nb5 Qd8 25.Nxd6 Bf8 26.Nxc8 Qxc8 27.c5 b5 28.d6 Bg7 29.Ng5 {#r} 1-0

[Event "Ch World ICSC (for the Deaf) (team)"]
[Site "masterchessopen.com Nyiregyhaza (Hungary)"]
[Date "2006.09.16"]
[Round "9"]
[White "Cehic Goran (CRO)"]
[Black "Salov Sergei (GER)"]
[Result "0-1"]
[WhiteElo "2112"]
[BlackElo "2297"]

1.d4 Nf6 2.Nf3 g6 3.g3 Bg7 4.Bg2 O-O 5.O-O d6 6.c4 Nbd7 7.Nc3 e5 8.e4 c6 9.h3
Qa5 10.d5 cxd5 11.cxd5 b5 12.Re1 a6 13.Nd2 Bb7 14.Nb3 Qd8 15.Bg5 h6 16.Be3 Kh7
17.Rc1 Rc8 18.Kh2 Ba8 19.a3 Nb6 20.Nd2 Nfd7 21.f3 Nc5 22.Bf1 f5 23.Qe2 f4
24.Bf2 fxg3+ 25.Bxg3 Bf6 26.Qf2 Bg5 27.Rcd1 Rf7 28.Be2 Qe7 29.h4 Bf4 30.Kg2
Nba4 31.Bxf4 Rxf4 {#R} 0-1

[Event "It (open)"]
[Site "masterchessopen.com Arco (Italy)"]
[Date "2006.10.21"]
[Round "1"]
[White "Luciani Valerio (ITA)"]
[Black "Castellano Alfonso (ITA)"]
[Result "1-0"]
[WhiteElo "2229"]
[BlackElo "1926"]

1.d4 Nf6 2.c4 g6 3.Nc3 Bg7 4.Nf3 d6 5.g3 O-O 6.Bg2 Nbd7 7.O-O c6 8.e4 e5 9.h3
Qe7 10.Re1 Rd8 11.Be3 Nf8 12.Qd2 Bd7 13.Rad1 Be8 14.Qc1 Qc7 15.Bh6 Bh8 16.Bg5
Ne6 17.Bh4 Rd7 18.d5 Nf8 19.g4 c5 20.Bg5 a6 21.Nh2 Qb8 22.f4 b5 23.Rf1 b4
24.Ne2 Qd8 25.Rd3 Rb7 26.Ng3 N8d7 27.f5 Qa5 28.Rdf3 Qxa2 29.Bh4 Kg7 30.fxg6
{#r} 1-0

[Event "Landesliga (2nd) East 2006/07"]
[Site "masterchessopen.com Mecklenburg-Vorpommern (Germany)"]
[Date "2006.10.29"]
[Round "2"]
[White "Wittig Harry"]
[Black "Modrow Hartmut"]
[Result "1-0"]
[WhiteElo "1970"]
[BlackElo "1700"]

1.d4 Nf6 2.Nf3 g6 3.g3 Bg7 4.Bg2 d6 5.c4 Nbd7 6.Nc3 O-O 7.O-O e5 8.e4 c6 9.h3
exd4 10.Nxd4 Nc5 11.Re1 Re8 12.Qc2 Qc7 13.Be3 Ne6 14.Rad1 a6 15.Re2 Nxd4
16.Bxd4 Be6 17.b3 b5 18.cxb5 axb5 19.Nxb5 {#r} 1-0

[Event "Ch Civil Service (open)"]
[Site "masterchessopen.com London (England)"]
[Date "2006.11.11"]
[Round "3"]
[White "Sen Subin (ENG)"]
[Black "Allen Dominic (ENG)"]
[Result "0-1"]
[WhiteElo "2040"]
[BlackElo "1964"]

1.Nf3 Nf6 2.c4 g6 3.g3 Bg7 4.Bg2 d6 5.d4 O-O 6.O-O Nbd7 7.Nc3 e5 8.h3 c6 9.e4
Qb6 10.d5 cxd5 11.cxd5 Nc5 12.Qe2 Bd7 13.Ne1 Nh5 14.Kh2 f5 15.f3 f4 16.gxf4
exf4 17.Qd2 Ng3 18.Rg1 Be5 19.Nd3 Nxd3 20.Qxd3 g5 21.Bd2 Rf6 22.Be1 Rh6 23.Qd2
Bd4 {#R} 0-1

[Event "It (cat.3)"]
[Site "masterchessopen.com Moscow (Russia)"]
[Date "2006.11.17"]
[Round "12"]
[White "Castaneda Georgui (PER)"]
[Black "Bodnaruk Anastasia (RUS)"]
[Result "1-0"]
[WhiteElo "2442"]
[BlackElo "2255"]

1.Nf3 Nf6 2.d4 g6 3.c4 Bg7 4.g3 d6 5.Bg2 O-O 6.O-O Nbd7 7.Nc3 e5 8.e4 c6 9.h3
Qb6 10.c5 dxc5 11.dxe5 Ne8 12.e6 fxe6 13.Ng5 Ne5 14.f4 h6 15.Nf3 c4+ 16.Kh2
Nd3 17.e5 Nc7 18.Nh4 g5 19.Ng6 gxf4 20.Nxf8 fxg3+ 21.Kxg3 Bxf8 22.Qg4+ Bg7
23.Bxh6 Ne8 24.Qg6 Qd4 25.Qxe8+ {#r} 1-0

[Event "Ch Romania"]
[Site "masterchessopen.com Predeal (Romania)"]
[Date "2006.11.27"]
[Round "1"]
[White "Cioara Andrei Nestor (ROM)"]
[Black "Fugulyan Grigore (ROM)"]
[Result "1-0"]
[WhiteElo "2419"]
[BlackElo "2086"]

1.d4 Nf6 2.Nf3 g6 3.g3 Bg7 4.Bg2 d6 5.O-O O-O 6.c4 Nbd7 7.Nc3 e5 8.e4 c6 9.h3
Re8 10.Re1 Qc7 11.Be3 Nf8 12.Qd2 Bd7 13.Rad1 a6 14.dxe5 dxe5 15.Bc5 Rad8
16.Qe3 Ra8 17.Bd6 Qc8 18.Na4 Bxh3 19.Nb6 Qg4 20.Nxa8 Bxg2 21.Kxg2 Nh5 22.Nh2
Nf4+ 23.Kh1 {#r} 1-0

[Event "Ch Europe (active)"]
[Site "masterchessopen.com Warsaw (Poland)"]
[Date "2006.12.16"]
[Round "1"]
[White "Cmilyte Viktorija (LTU)"]
[Black "Traczyk Pawel (POL)"]
[Result "1-0"]
[WhiteElo "2469"]
[BlackElo "1842"]

1.d4 Nf6 2.c4 g6 3.Nc3 Bg7 4.g3 d6 5.Bg2 O-O 6.Nf3 c6 7.O-O Nbd7 8.e4 e5 9.h3
Re8 10.Re1 exd4 11.Nxd4 Nc5 12.Bf4 Nh5 13.Be3 Nf6 14.Qc2 Ne6 15.Nde2 Qc7
16.Rad1 Rd8 17.b4 b6 18.f4 a5 19.b5 c5 20.e5 dxe5 21.Bxa8 Rxd1 22.Rxd1 Bb7
23.Bxb7 Qxb7 24.Nd5 exf4 25.Nexf4 Nxd5 26.Rxd5 Nxf4 27.Rd8+ Bf8 28.Bxf4 Qe7
29.Qd2 {#r} 1-0

[Event "Ch of Udmurtia Republic "]
[Site "masterchessopen.com Izhevsk (Russia)"]
[Date "2006.12.21"]
[Round "8"]
[White "Shuklin Nikolay (RUS)"]
[Black "Brylova Natalia (RUS)"]
[Result "1-0"]
[WhiteElo "2177"]
[BlackElo "1967"]

1.Nf3 Nf6 2.d4 g6 3.c4 Bg7 4.g3 O-O 5.Bg2 d6 6.Nc3 Nbd7 7.O-O e5 8.h3 c6 9.e4
h6 10.Be3 Kh7 11.Qd2 Ng8 12.Rad1 f5 13.dxe5 dxe5 14.exf5 gxf5 15.Nh4 Ne7 16.f4
Qc7 17.g4 Nb6 18.b3 fxg4 19.fxe5 Rxf1+ 20.Rxf1 Qxe5 21.Be4+ Nf5 22.Nxf5 Bxf5
23.Bxf5+ Kh8 24.Ne4 Rf8 25.hxg4 Nc8 26.Bxh6 Ne7 27.Bxg7+ Qxg7 28.Qh2+ {#r} 1-0

[Event "Memorial I.Stepichev"]
[Site "masterchessopen.com Kiev (Ukraine)"]
[Date "2007.01.05"]
[Round "7"]
[White "Melnichuk Mikhail (UKR)"]
[Black "Grinev Valeriy (UKR)"]
[Result "0-1"]
[WhiteElo "2252"]
[BlackElo "2271"]

1.d4 Nf6 2.c4 g6 3.Nc3 Bg7 4.g3 d6 5.Bg2 O-O 6.Nf3 Nbd7 7.O-O e5 8.e4 c6 9.h3
Qa5 10.Re1 exd4 11.Nxd4 Re8 12.Nc2 Ne5 13.Ne3 Be6 14.Bf1 Nxe4 15.Nxe4 Qxe1
16.Qxe1 Nf3+ 17.Kh1 Nxe1 18.Nxd6 Re7 19.Bd2 Nf3 20.Bb4 Rd7 21.Bg2 Ne5 22.Ba3
Nd3 23.c5 Nxf2+ 24.Kh2 Nd3 25.Rf1 Ne5 26.b4 Nc4 27.Nexc4 Bxc4 28.Rc1 Bb5
29.Nxb5 cxb5 30.c6 bxc6 {#R} 0-1

[Event "It (open)"]
[Site "masterchessopen.com Verona (Italy)"]
[Date "2007.01.07"]
[Round "7"]
[White "Luciani Valerio (ITA)"]
[Black "Bertani Gianfranco (ITA)"]
[Result "1-0"]
[WhiteElo "2236"]
[BlackElo "2107"]

1.d4 Nf6 2.c4 g6 3.Nc3 Bg7 4.Nf3 O-O 5.g3 d6 6.Bg2 c6 7.O-O Nbd7 8.e4 e5 9.h3
exd4 10.Nxd4 a5 11.Be3 Nc5 12.Qc2 a4 13.Rfe1 Qb6 14.Rad1 Rd8 15.f4 Be6 16.Nxe6
fxe6 17.e5 dxe5 18.Rxd8+ Rxd8 19.Qf2 Rd4 20.fxe5 Nd3 21.Bxd4 c5 22.Bxc5 Qa5
23.Qd4 Nxe1 24.Bb6 Qb4 25.exf6 Qxb2 26.Qf2 {#r} 1-0

[Event "Ch Romania"]
[Site "masterchessopen.com Amara (Romania)"]
[Date "2007.02.19"]
[Round "5"]
[White "Doncea Vladimir (ROM)"]
[Black "Carlan Ionut (ROM)"]
[Result "1-0"]
[WhiteElo "2451"]
[BlackElo "2121"]

1.c4 Nf6 2.g3 g6 3.Bg2 Bg7 4.Nc3 O-O 5.d4 d6 6.Nf3 Nbd7 7.O-O e5 8.e4 c6 9.h3
exd4 10.Nxd4 Nc5 11.Be3 Re8 12.Qc2 Qe7 13.Rfe1 Nfxe4 14.Nxe4 Nxe4 15.Bxe4 Bxh3
16.Bg2 Bg4 17.Bd2 Qc7 18.Bc3 a6 19.Nf3 Bf5 20.Qd2 Bxc3 21.Qxc3 Be4 22.Ng5 Bxg2
23.Kxg2 f5 24.Qf6 Rf8 25.Qe6+ Kg7 26.Qe3 {#r} 1-0

[Event "Ch PriFO"]
[Site "masterchessopen.com Toljatti (Russia)"]
[Date "2007.03.22"]
[Round "1"]
[White "Skatchkov Pavel (RUS)"]
[Black "Sudarikov Sergey (RUS)"]
[Result "1-0"]
[WhiteElo "2509"]
[BlackElo "2218"]

1.d4 Nf6 2.Nf3 g6 3.g3 Bg7 4.Bg2 O-O 5.O-O d6 6.c4 c6 7.Nc3 Nbd7 8.e4 e5 9.h3
Qb6 10.d5 Nc5 11.Qe2 cxd5 12.cxd5 Bd7 13.Be3 Rac8 14.Rfc1 a5 15.Nd2 Qd8 16.Nb5
Qb6 17.Na3 Qxb2 18.Nac4 Qb5 19.Rab1 Qa6 20.Rb6 Qa7 21.Rcb1 Na4 22.Rxb7 Qa6
23.Ra7 Nc3 24.Qd3 Qxa7 25.Bxa7 Nxb1 26.Qxb1 Ra8 27.Qb7 Rfc8 28.Kh2 Rd8 29.Nb6
{#r} 1-0

[Event "Ch Central Region"]
[Site "masterchessopen.com Tula (Russia)"]
[Date "2007.03.25"]
[Round "9"]
[White "Statsenko Viktor (RUS)"]
[Black "Tkachev Grigory (RUS)"]
[Result "1-0"]
[WhiteElo "2201"]
[BlackElo "2041"]

1.d4 Nf6 2.c4 g6 3.g3 Bg7 4.Bg2 O-O 5.Nf3 d6 6.O-O c6 7.Nc3 Nbd7 8.e4 e5 9.h3
Re8 10.Re1 Qe7 11.Be3 exd4 12.Nxd4 Nc5 13.Qc2 a5 14.Rad1 Bd7 15.Bf4 Rad8 16.b3
Ne6 17.Nf5 gxf5 18.Bxd6 Qxd6 19.Rxd6 Bf8 20.Rdd1 Bb4 21.exf5 Ng7 22.Rxe8+ Rxe8
23.Ne4 {#r} 1-0

[Event "It (open) \"]
[Site "masterchessopen.com Berdsk (Russia)"]
[Date "2007.07.13"]
[Round "6"]
[White "Permiakov Vladimir (RUS)"]
[Black "Obolenskikh Dmitry (RUS)"]
[Result "0-1"]
[WhiteElo "2339"]
[BlackElo "2455"]

1.Nf3 Nf6 2.c4 g6 3.g3 Bg7 4.Bg2 O-O 5.d4 d6 6.Nc3 Nbd7 7.O-O e5 8.h3 c6 9.e4
Qb6 10.Re1 exd4 11.Nxd4 Ne8 12.Nb3 a5 13.a4 Ne5 14.Bf1 Be6 15.Be3 Qb4 16.Nd2
Nxc4 17.Nxc4 Bxc4 18.Bxc4 Qxc4 19.Ra3 b5 20.axb5 cxb5 21.Qd5 Qxd5 22.Nxd5 b4
23.Nxb4 Bxb2 24.Rb3 Bg7 25.Nd5 Nf6 26.Nb6 Ra6 27.f3 Rb8 28.Reb1 a4 {#R} 0-1

[Event "It (open) (seniors)"]
[Site "masterchessopen.com Novosibirsk (Russia)"]
[Date "2007.07.22"]
[Round "3"]
[White "Ezhov Victor (RUS)"]
[Black "Klimov Valery (RUS)"]
[Result "1-0"]
[WhiteElo "1991"]
[BlackElo "1936"]

1.Nf3 Nf6 2.g3 g6 3.Bg2 Bg7 4.O-O O-O 5.d4 d6 6.c4 Nbd7 7.Nc3 e5 8.e4 c6 9.h3
Qb6 10.dxe5 dxe5 11.Qc2 Qb4 12.b3 Qe7 13.Bb2 Nh5 14.a4 f5 15.Ba3 Nc5 16.Rad1
b6 17.Qe2 f4 18.Ne1 Bb7 19.Nd3 Qf6 20.Nxc5 bxc5 21.f3 Rfe8 22.Rd3 Bf8 23.Rfd1
Qf7 24.a5 Rab8 25.Na4 {#r} 1-0

[Event "It \"]
[Site "masterchessopen.com Cherry Hill (USA)"]
[Date "2007.07.29"]
[Round "1"]
[White "Arnold Marc T (USA)"]
[Black "Hua David A (USA)"]
[Result "1-0"]
[WhiteElo "2294"]
[BlackElo "2107"]

1.d4 Nf6 2.c4 g6 3.Nf3 Bg7 4.g3 d6 5.Bg2 O-O 6.O-O Nbd7 7.Nc3 c6 8.e4 e5 9.h3
Qe7 10.Be3 Ne8 11.Re1 h6 12.Qc2 f5 13.exf5 gxf5 14.dxe5 dxe5 15.Rad1 Qf7 16.b3
Nc7 17.g4 f4 18.Bc1 Re8 19.Ne4 Re6 20.Nd6 Qf8 21.Nf5 Nb6 22.Nxg7 Qxg7 23.Rd8+
Ne8 24.Rxe5 Rxe5 25.Nxe5 Bf5 26.Qxf5 Rxd8 27.Qe6+ Kh7 28.Be4+ Kh8 29.Nf7+ {#r}
1-0

[Event "Memorial K.Tsiolkovsky (open)"]
[Site "masterchessopen.com Kaluga (Russia)"]
[Date "2007.08.10"]
[Round "7"]
[White "Evdokimenko Valentin (RUS)"]
[Black "Voitsekhovsky Stanislav (RUS)"]
[Result "0-1"]
[WhiteElo "2313"]
[BlackElo "2495"]

1.Nf3 Nf6 2.d4 g6 3.c4 Bg7 4.g3 O-O 5.Bg2 d6 6.O-O Nbd7 7.Nc3 e5 8.h3 c6 9.e4
Qa5 10.Be3 Nb6 11.Qd3 exd4 12.Nxd4 Qa6 13.b3 d5 14.exd5 Nfxd5 15.Ne4 Nxe3
16.Qxe3 Qa3 17.Rad1 Nd7 18.Qd2 Nf6 19.Nc3 Bd7 20.Rde1 Rad8 21.Qf4 Nh5 22.Qd2
Bc8 {#R} 0-1

[Event "It (open)"]
[Site "masterchessopen.com Panevezys (Lithuania)"]
[Date "2007.08.18"]
[Round "1"]
[White "Kveinys Aloyzas (LTU)"]
[Black "Narva Triin (EST)"]
[Result "1-0"]
[WhiteElo "2517"]
[BlackElo "1858"]

1.Nf3 Nf6 2.c4 g6 3.d4 Bg7 4.g3 d6 5.Bg2 O-O 6.O-O Nbd7 7.Nc3 e5 8.e4 c6 9.h3
Qe7 10.Re1 Rd8 11.Be3 Nf8 12.d5 c5 13.a3 Ne8 14.Nd2 f5 15.f4 Qf7 16.Nf3 fxe4
17.Nxe4 exf4 18.Bxf4 Bxb2 19.Ra2 Bg7 20.Rae2 Bf5 21.Neg5 Qc7 22.Re7 Qa5 23.g4
Bd7 24.Nf7 Ba4 25.Qe2 Rd7 26.Nh6+ Bxh6 27.Bxh6 Rc7 28.Qb2 Qb6 29.Qa1 Rd8
30.Bxf8 {#r} 1-0

[Event "It (open)"]
[Site "masterchessopen.com Banyoles (Spain)"]
[Date "2007.08.21"]
[Round "6"]
[White "Alonso Rosell Alvar (ESP)"]
[Black "Campos Moreno Javier B (CHI)"]
[Result "0-1"]
[WhiteElo "2343"]
[BlackElo "2446"]

1.d4 Nf6 2.c4 g6 3.Nc3 Bg7 4.g3 O-O 5.Bg2 d6 6.Nf3 Nbd7 7.O-O e5 8.e4 c6 9.h3
Qa5 10.Re1 exd4 11.Nxd4 Ne5 12.Bf1 Re8 13.Rb1 Be6 14.Nb3 Qc7 15.c5 Rad8 16.Bf4
dxc5 17.Qe2 Nh5 18.Nxc5 Nxf4 19.gxf4 Bc4 20.Qe3 Bh6 21.Qg3 Bxf1 22.fxe5 Bc4
23.f4 Qe7 24.Nb3 Rd3 25.Qg4 Be6 26.f5 Bxb3 27.axb3 Qxe5 28.Kg2 Bd2 29.Red1 h5
30.Qh4 g5 31.Qf2 Red8 {#R} 0-1

[Event "Ch Vietnam (team)"]
[Site "masterchessopen.com Dalat City (Vietnam)"]
[Date "2007.08.29"]
[Round "10"]
[White "Pham Chuong (VIE)"]
[Black "Hoang Canh Huan (VIE)"]
[Result "0-1"]
[WhiteElo "2343"]
[BlackElo "2337"]

1.d4 d6 2.Nf3 g6 3.g3 Bg7 4.Bg2 Nf6 5.O-O O-O 6.c4 c6 7.Nc3 Nbd7 8.e4 e5 9.h3
Re8 10.Re1 exd4 11.Nxd4 Nc5 12.Bf4 Nh5 13.Be3 a5 14.Qc2 a4 15.Rad1 Qa5 16.g4
Nf6 17.Bf4 Rd8 18.Nde2 Ne8 19.b3 Be6 20.Rb1 axb3 21.axb3 Na6 {#R} 0-1

[Event "Ch Europe (juniors) (under 16)"]
[Site "masterchessopen.com Sibenik (Croatia)"]
[Date "2007.09.21"]
[Round "8"]
[White "Alonso Rosell Alvar (ESP)"]
[Black "Piorun Kacper (POL)"]
[Result "0-1"]
[WhiteElo "2343"]
[BlackElo "2353"]

1.d4 Nf6 2.c4 g6 3.Nc3 Bg7 4.g3 O-O 5.Bg2 d6 6.Nf3 Nbd7 7.O-O e5 8.e4 c6 9.h3
Qb6 10.d5 cxd5 11.cxd5 Nc5 12.Re1 Bd7 13.Qe2 Rfc8 14.Be3 Qb4 15.Qd2 Ncxe4
16.Nxe4 Qxe4 17.Nd4 exd4 18.Bxe4 Nxe4 19.Qd3 Nc5 20.Qd2 dxe3 21.Rxe3 Bxh3
22.Rae1 Bf5 23.Rc1 Bh6 24.f4 Bg7 25.Kh2 a5 26.b3 h5 27.Qe2 Bd4 28.Re7 Bf6
29.Re3 Kg7 30.a3 {#R} 0-1

[Event "It (open)"]
[Site "masterchessopen.com Goch (Germany)"]
[Date "2007.10.06"]
[Round "4"]
[White "Naundorf Maik (GER)"]
[Black "Kiechl Stefan (GER)"]
[Result "1-0"]
[WhiteElo "2141"]
[BlackElo "1912"]

1.Nf3 Nf6 2.c4 g6 3.g3 Bg7 4.Bg2 O-O 5.O-O d6 6.Nc3 c6 7.d4 Nbd7 8.e4 e5 9.h3
Qc7 10.Re1 a6 11.Be3 Nh5 12.Rc1 Nb6 13.b3 Bd7 14.c5 dxc5 15.dxe5 c4 16.g4 {#r}
1-0

[Event "Tournament (open)"]
[Site "masterchessopen.com Nichelino (Italy)"]
[Date "2007.10.06"]
[Round "3"]
[White "Naumkin Igor (RUS)"]
[Black "Fortino Fabrizio (ITA)"]
[Result "1-0"]
[WhiteElo "2487"]
[BlackElo "2081"]

1.d4 Nf6 2.c4 g6 3.Nc3 Bg7 4.Nf3 d6 5.g3 O-O 6.Bg2 c6 7.O-O Nbd7 8.e4 e5 9.h3
Re8 10.Re1 exd4 11.Nxd4 a5 12.Bf4 Ne5 13.b3 Nfd7 14.Qe2 Nc5 15.Rad1 Qf6 16.Be3
h6 17.f4 Ned7 18.Qd2 Qe7 19.Bf2 Nb6 20.Nde2 Bf8 21.Qc2 Qc7 22.g4 a4 23.Ng3
axb3 24.axb3 Ra3 25.Bxc5 dxc5 26.e5 Bg7 27.Nce4 Qe7 28.Nd6 Rd8 29.Nge4 Nd7
30.Qc3 {#r} 1-0

[Event "Ch World (juniors) (under 20) (g)"]
[Site "masterchessopen.com Yerevan (Armenia)"]
[Date "2007.10.09"]
[Round "7"]
[White "Martirosyan Lia (ARM)"]
[Black "Arutyunova Diana (UKR)"]
[Result "0-1"]
[WhiteElo "2121"]
[BlackElo "2256"]

1.d4 Nf6 2.c4 d6 3.Nc3 c6 4.e4 Nbd7 5.Nf3 e5 6.g3 g6 7.Bg2 Bg7 8.h3 O-O 9.O-O
Qb6 10.Rb1 exd4 11.Qxd4 Nc5 12.Qxd6 Nfxe4 13.Nxe4 Nxe4 14.Qe7 Qa6 15.Nd2 Nxd2
16.Bxd2 Bf5 17.Be4 Rfe8 {#R} 0-1

[Event "It (open) \"]
[Site "masterchessopen.com Rome (Italy)"]
[Date "2007.11.02"]
[Round "6"]
[White "Lava Giovanni (ITA)"]
[Black "Palermo Stefano (ITA)"]
[Result "1-0"]
[WhiteElo "2221"]
[BlackElo "2071"]

1.d4 Nf6 2.Nf3 g6 3.c4 Bg7 4.g3 d6 5.Bg2 O-O 6.O-O Nbd7 7.Nc3 c6 8.e4 e5 9.h3
Qc7 10.Be3 a6 11.Rc1 exd4 12.Nxd4 Nc5 13.b4 Ne6 14.Nb3 Bd7 15.a4 h6 16.f4 Rfe8
17.a5 c5 18.Nd5 Qd8 19.Nb6 Rb8 20.e5 Nh7 21.Qxd6 {#r} 1-0

[Event "It (open) \"]
[Site "masterchessopen.com Rome (Italy)"]
[Date "2007.11.03"]
[Round "7"]
[White "Lava Giovanni (ITA)"]
[Black "Zoldan Matteo (ITA)"]
[Result "0-1"]
[WhiteElo "2221"]
[BlackElo "2143"]

1.d4 Nf6 2.Nf3 g6 3.c4 Bg7 4.g3 O-O 5.Bg2 d6 6.O-O Nbd7 7.Nc3 e5 8.e4 c6 9.h3
Qb6 10.dxe5 dxe5 11.Qc2 Qc7 12.Be3 Re8 13.c5 Nh5 14.Ne2 b6 15.cxb6 axb6 16.b4
Ba6 17.Rfc1 c5 18.Bf1 Rec8 19.bxc5 Nxc5 20.Bxc5 Bf8 21.g4 Bxe2 22.Qxe2 Nf4
23.Qb2 Bxc5 24.Nxe5 Ba3 25.Qd4 Bxc1 26.Bc4 Ne6 27.Qd5 Bb2 28.Nxf7 Qxc4 {#R}
0-1

[Event "Tournament (Elo)"]
[Site "masterchessopen.com Sao Bernardo (Brazil)"]
[Date "2007.11.06"]
[Round "8"]
[White "Saito Vinicius Ikezu"]
[Black "Aragao Nt Joao Batista (BRA)"]
[Result "1-0"]
[WhiteElo "2063"]
[BlackElo "2028"]

1.Nf3 Nf6 2.g3 g6 3.Bg2 Bg7 4.O-O d6 5.d4 O-O 6.c4 Nbd7 7.Nc3 c6 8.h3 e5 9.e4
exd4 10.Nxd4 Qb6 11.Re1 Ne8 12.Nc2 Nc5 13.Ne3 a5 14.Kh2 a4 15.Qc2 Nc7 16.f4
N7e6 17.Rd1 Nd4 18.Qf2 f5 19.exf5 a3 20.fxg6 hxg6 21.Rb1 Nf5 22.g4 Nxe3
23.Qxe3 Qa5 24.b4 {#r} 1-0

[Event "Tournament (weekend) (b)"]
[Site "masterchessopen.com Gorgonzola (Italy)"]
[Date "2007.11.10"]
[Round "1"]
[White "De-La-pena Elmer (ITA)"]
[Black "Murli Almerico (ITA)"]
[Result "0-1"]
[WhiteElo "1919"]
[BlackElo "1851"]

1.d4 g6 2.c4 Bg7 3.g3 Nf6 4.Nf3 d6 5.Nc3 O-O 6.Bg2 Nbd7 7.O-O e5 8.e4 c6 9.h3
Qb6 10.d5 Nc5 11.Qc2 cxd5 12.cxd5 Bd7 13.Be3 Rac8 14.Nd2 Qd8 15.a4 a5 16.Ra3
Ne8 17.Nc4 f5 18.Bxc5 Rxc5 19.Qb3 f4 20.Nb6 f3 21.Bh1 Bxh3 22.Re1 Bh6 23.Nd1
Bd2 24.Re3 Bxe3 25.Nxe3 Rc1+ 26.Kh2 Qg5 27.Nbc4 Qh5 28.g4 Rxh1+ 29.Kg3 Rg1+
30.Kh2 Rh1+ 31.Kxh1 Bg2+ {#R} 0-1

[Event "Tournament (open)"]
[Site "masterchessopen.com Villa Guardia (Italy)"]
[Date "2007.11.16"]
[Round "6"]
[White "Gatti Luigi"]
[Black "Cairoli Camillo (ITA)"]
[Result "0-1"]
[WhiteElo "1425"]
[BlackElo "1939"]

1.d4 Nf6 2.c4 g6 3.g3 Bg7 4.Bg2 d6 5.Nf3 O-O 6.O-O Nbd7 7.Nc3 e5 8.e4 c6 9.h3
Qc7 10.Be3 Re8 11.Qc2 exd4 12.Nxd4 Nc5 13.Rfe1 Bd7 14.f4 Ne6 15.Rad1 Rad8
16.Bf2 Bc8 17.f5 Nf8 18.b4 a5 19.Qb3 axb4 20.Na4 Re7 21.c5 d5 22.exd5 Nxd5
23.fxg6 hxg6 24.Nc2 Ne6 25.Bxd5 cxd5 26.Qxb4 Ng5 27.Kh2 Nf3+ 28.Kg2 Nxe1+
29.Rxe1 Rxe1 30.Qxe1 Qd7 31.g4 Qxa4 {#R} 0-1

[Event "Ch World (juniors) (under 12)"]
[Site "masterchessopen.com Kemer (Turkey)"]
[Date "2007.11.21"]
[Round "4"]
[White "Kowsarinia Amir (IRI)"]
[Black "Arat Ufuk Sezen (TUR)"]
[Result "1-0"]
[WhiteElo "1980"]
[BlackElo "2068"]

1.d4 Nf6 2.c4 g6 3.Nc3 Bg7 4.Nf3 O-O 5.g3 d6 6.Bg2 Nbd7 7.O-O e5 8.e4 c6 9.h3
Qc7 10.Be3 Rd8 11.Qc2 Nf8 12.Rad1 Be6 13.d5 Bc8 14.b4 cxd5 15.Nxd5 Nxd5
16.exd5 f5 17.Rc1 Nd7 18.c5 e4 19.Nd4 Ne5 20.Nb5 Qf7 21.Bg5 Rd7 22.c6 Rc7
23.Nxc7 Qxc7 24.cxb7 Qxb7 25.Qc7 Nd3 26.Qd8+ Bf8 27.Rc7 Qb8 28.Bh6 Ba6 29.Rg7+
Kh8 30.Qf6 Qd8 31.Re7+ {#r} 1-0

[Event "Ch City (1/2 final)"]
[Site "masterchessopen.com Omsk (Russia)"]
[Date "2007.12.09"]
[Round "8"]
[White "Usatchev Sergei (RUS)"]
[Black "Nevorotov Boris (RUS)"]
[Result "0-1"]
[WhiteElo "1867"]
[BlackElo "2014"]

1.d4 Nf6 2.c4 d6 3.Nc3 Nbd7 4.e4 e5 5.Nf3 c6 6.g3 g6 7.Bg2 Bg7 8.O-O O-O 9.h3
a5 10.a4 Qc7 11.Be3 Re8 12.Re1 h6 13.d5 Nf8 14.Qd2 Kh7 {#R} 0-1

[Event "Ch Europe (active)"]
[Site "masterchessopen.com Warsaw (Poland)"]
[Date "2007.12.15"]
[Round "3"]
[White "Grabarczyk Miroslaw (POL)"]
[Black "Jaroch Pawel (POL)"]
[Result "1-0"]
[WhiteElo "2464"]
[BlackElo "2233"]

1.d4 Nf6 2.c4 g6 3.Nf3 Bg7 4.g3 O-O 5.Bg2 d6 6.Nc3 Nbd7 7.O-O e5 8.e4 c6 9.h3
Qb6 10.d5 Nc5 11.Qe2 a5 12.Be3 Nfd7 13.Rab1 Qc7 14.Rfd1 Re8 15.b3 f5 16.exf5
gxf5 17.Ng5 h6 18.dxc6 bxc6 19.Nb5 cxb5 20.Bd5+ Kf8 21.Nh7+ Ke7 22.Qh5 Ne6
23.Bxe6 {#r} 1-0

[Event "Cup President"]
[Site "masterchessopen.com Fujairah (United Arab Emirates)"]
[Date "2008.01.02"]
[Round "8"]
[White "Hassan Abdullah (UAE)"]
[Black "Khouri Ahmed Abbas (UAE)"]
[Result "1-0"]
[WhiteElo "2287"]
[BlackElo "1934"]

1.d4 Nf6 2.Nf3 g6 3.c4 Bg7 4.g3 O-O 5.Bg2 d6 6.O-O Nbd7 7.Nc3 c6 8.e4 e5 9.h3
Qb6 10.c5 dxc5 11.dxe5 Ne8 12.Bg5 Nxe5 13.Be7 Nxf3+ 14.Qxf3 Qxb2 15.Bxf8 Kxf8
16.Rac1 b6 17.e5 Bxe5 18.Rfe1 Bd7 19.Na4 Qxa2 20.Nxc5 bxc5 21.Rxe5 Rb8
22.Rexc5 Rb1 23.Qc3 Rxc1+ 24.Qxc1 Ng7 25.Bxc6 Bxh3 26.Bd5 Qa6 27.Rc7 Be6
28.Qc5+ Ke8 29.Qe7# 1-0